000 00733nam a2200229 a 4500
999 _c10734
_d10734
001 10734
003 BD-JhCC
005 20211007134021.0
008 180816s2016 bg |||| |||| 000 0 ben d
020 _a9789849146964
035 _a(BD-JhCC)10734
040 _aBD-JhCC
_dBD-JhCC
041 _aben
082 _a891.4435
_bJOL 2016
100 _aজলদাস, হরিশংকর
245 _aগল্পসমগ্র /
_cহরিশংকর জলদাস
260 _aঢাকা :
_bমাওলা ব্রাদার্স,
_c২০১৬.
300 _a৩৯০ পৃ. :
_c২১ সেমি.
650 _aবাংলা ছোট গল্প
650 _aBengali Short story
942 _2ddc
_cBK
_07